000 00319nam a22001337a 4500
008 170420b xxu||||| |||| 00| 0 eng d
020 _a9781930808591
041 _aeng
080 _a573
100 _a11
101 _aSHM
245 _aTHE SANFORD GUIDE TO ANTIMICROBIAL THERAPY 2010
_cGILBERT, D.N
942 _2udc
_cBK
999 _c11359
_d11359